000 00531nam a22001697a 4500
003 OSt
005 20260120110609.0
008 260120b |||||||| |||| 00| 0 eng d
040 _cMRSPTU
041 _aEnglish
100 _aMeenu Joshi, Supervisor: Dr. Naresh Kumar Garg
245 _aA New Approach to Facial Gender Identification Using Fuzzy Logic
260 _bDepartment of CSE, MRSPTU, Bathinda
_c2016
650 _aComputer Science
856 _uhttp://163.47.215.52:8080/jspui/handle/123456789/335
942 _2ddc
_cTH
_n0
999 _c10697
_d10697